| 000 | 00000nam##2200000za#4500 |
| 001 | 9.590719 |
| 003 | CaOODSP |
| 005 | 20220808101245 |
| 007 | cr ||||||||||| |
| 008 | 150406|2000||||xxc|||||o f|0| 0 fre|d |
| 020 | |a0-662-84317-7 |
| 040 | |aCaOODSP|bfre |
| 043 | |an-cn--- |
| 086 | 1 |aEn40-215/47F-PDF |
| 110 | 1 |aCanada. |bEnvironnement Canada. |
| 245 | 10|aParticules inhalables de 10 microns ou moins |h[ressource électronique] |
| 246 | 1 |aLoi canadienne sur la protection de l'environnement (1999) |
| 260 | |aOttawa - Ontario : |bEnvironnement Canada |cMai 2000. |
| 300 | |a88p.|bfigure, graphiques, références, tableaux |
| 490 | 1 |aListe des substances d'intérêt prioritaire, rapport d'évaluation |
| 500 | |aLe n° de catalogue (En40-215/47F) et l'ISBN (0-662-84316-9) de l'édition imprimée ont été incorrectement copiés dans cette l'édition électronique. |
| 590 | |a11-15-Supp|b2011-08-22 |
| 775 | 08|tRespirable particulate matter less than or equal to 10 microns |w(CaOODSP)9.571374 |
| 776 | 0#|tParticules inhalables de 10 microns ou moins |w(CaOODSP)9.625220 |
| 830 | #0|aListe des substances d'intérêt prioritaire, rapport d'évaluation.|w(CaOODSP)9.500862 |
| 856 | 40|ahttp://publications.gc.ca|qPDF|s761 Ko|uhttps://publications.gc.ca/collections/Collection/En40-215-47F.pdf |